Vai trò chính trị của quân đội [ Việt Nam Cộng Hòa ]

Gespeichert in:
Bibliographische Detailangaben
1. Verfasser: Nguyễn Ngọc Bích
Format: Buch
Sprache:Undetermined
Tags: Tag hinzufügen
Keine Tags, Fügen Sie den ersten Tag hinzu!
Thư viện lưu trữ: Trung tâm Học liệu Trường Đại học Cần Thơ
LEADER 00452nam a2200133Ia 4500
001 CTU_26477
008 210402s9999 xx 000 0 und d
082 |a 352 
082 |b B302 
100 |a Nguyễn Ngọc Bích 
245 0 |a Vai trò chính trị của quân đội [ Việt Nam Cộng Hòa ] 
245 0 |c Nguyễn Ngọc Bích 
904 |i Nguyễn Quang Điền, 981013 
980 |a Trung tâm Học liệu Trường Đại học Cần Thơ